Ultimate Brainrot quiz! - Statistics

General Stats
  • This quiz has been taken 65,338 times
  • The average score is 8 of 10
Answer Stats
Question Answer % Correct
Where can you find the Brainrot final boss? Ohio
91%
What can you call someone who can talk to women? Rizzler
88%
What do you call someone who is on a higher level then everyone else? Sigma
88%
What was the viral Mcdonalds trend? The grimace shake
87%
What can you call a funny guy? Skibidi
83%
What's your favorite TV show? Skibidi toilet
83%
________ is calling John Pork
80%
What do you yell when you see a baddie GYATTTTTT
79%
What is the best video game OAT? Fortnite
67%
_______ is a sigma Big chungus
56%
No matching quizzes found
Score Distribution
Percent of People with Each Score
Percentile by Number Answered
Your Score History
You have not taken this quiz